Periodismo deportivo

Guardat en:
Dades bibliogràfiques
Autor principal: Alcoba López, Antonio (Autor)
Format: Llibre
Idioma:espanyol
Publicat: Madrid Síntesis 2005
Edició:1a. ed
Col·lecció:Colección Periodismo Especializado
Matèries:
Etiquetes: Afegir etiqueta
Sense etiquetes, Sigues el primer a etiquetar aquest registre!

MARC

LEADER 00000cam a2200000 a 4500
001 UCE8415
003 CL-VaPUC
008 150731e20050000sp |||||||||||||||||spa|d
020 |a 8497562739 
082 0 4 |a 070.449  |b ALC  |2 21 
100 0 |a Alcoba López, Antonio  |e author  |9 581143 
245 1 0 |a Periodismo deportivo 
250 |a 1a. ed 
300 |a 205 p 
942 |c BK 
945 |d 20150731 12:25:00  |a gsalatino 
260 |a Madrid  |b Síntesis  |c 2005 
650 0 |a Periodismo deportivo  |9 501846 
650 7 |a SOCIEDAD ARGENTINA  |2 CL-VaPUC  |9 581144 
650 0 |a Aspectos morales   |9 256217 
650 7 |a DEPORTE  |2 CL-VaPUC  |9 581145 
583 |a last modification  |c 20150806 11:03:53  |k Rodrigo Vera 
490 0 |a Colección Periodismo Especializado 
999 |c 360285  |d 360283 
952 |0 0  |1 0  |3 erb  |4 0  |6 070_449000000000000_ALC_2005  |7 0  |8 A  |9 470002  |a BIBCUR  |b BIBCUR  |i 519234K  |l 6  |m 3  |o 070.449 ALC 2005  |p 519234K  |r 2025-04-22  |s 2024-08-29  |w 2019-11-23  |y BK  |z Catalogado en:20150731  |k PER